Normal view
MARC view
- MANUFACTURING THE ALLISON WORLD TRANSMISSION 1-13 SUTTON, W. K ACC NO-28037 ACC NO-27341 ACC NO-27341-A.SP-881
Entry Topical Term
001 - CONTROL NUMBER
- control field: 67060
003 - CONTROL NUMBER IDENTIFIER
- control field: NUST
005 - DATE AND TIME OF LATEST TRANSACTION
- control field: 20210628203729.0
008 - FIXED-LENGTH DATA ELEMENTS
- fixed length control field: 210628|| aca||aabn | a|a d
040 ## - CATALOGING SOURCE
- Original cataloging agency: NUST
- Transcribing agency: NUST
150 ## - HEADING--TOPICAL TERM
- Topical term or geographic name entry element: MANUFACTURING THE ALLISON WORLD TRANSMISSION 1-13 SUTTON, W. K ACC NO-28037 ACC NO-27341 ACC NO-27341-A.SP-881
670 ## - SOURCE DATA FOUND
- Source citation: Work cat.: (NUST): Sae, Sultan, W. Kenneth 67059, Manufaturing the allison world transmission the fourth v.f braun lecture sp-881, 1991
